000 00411nam a2200157Ia 4500
008 220805s9999 xx 000 0 und d
020 _a978-81-921106-9-1
041 _aeng
082 _a930.09
100 _aEd.Das, Neeta
_988087
260 _aMurshidabad
_bThe marg Foundation
_c2013
245 _aMurshidabad forgaten Capital of Bangal
300 _a136
440 _v65/2
650 _aCapital Bangal
_988088
999 _c48496
_d48496